Statistics for Former country or fake country #1

Click here to take the quiz!

General Stats

  • This quiz has been taken 28 times
  • The average score is 6 of 10

Answer Stats

HintAnswer% Correct
FlorinFake
81%
EnnareaFake
81%
United States of AfricaFake
74%
Zapotec CivilizationReal
74%
TaurasiFake
59%
GenoviaFake
59%
MakuriaReal
59%
SchleswigReal
56%
Vistula LandReal
52%
LippeReal
44%

Score Distribution

Percentile by Number Answered

Percent of People with Each Score

Your Score History

You have not taken this quiz